000
00203 a2200097 4500
001
41586
100
_a
Wyatt, W
245
_a
Confession of an Optimist
260
_a
_b
Collins
_c
090
_c
25728
_d
25728
942
_a
NUST-CAE
_c
M
_c
17478
999
_c
276659
_d
276659